| 000 | 00715nam a2200229 4500 | ||
|---|---|---|---|
| 008 | 230306b ||||| |||| 00| 0 eng d | ||
| 020 | _aa 0023250984 | ||
| 020 | _a9780023250989 | ||
| 050 |
_aBM561 _b.R43 1998 |
||
| 245 |
_aReadings in Judaism, Christianity, and Islam / _c[edited by] John Corrigan ... [et al.]. |
||
| 260 |
_aUpper Saddle River, N.J. : _bPrentice Hall, _cc1998. |
||
| 300 |
_axvi, 376 p. ; _c24 cm. |
||
| 500 | _aIncludes bibliographical references. | ||
| 650 | _aJudaism. | ||
| 650 | _aChristianity. | ||
| 650 | _aIslam. | ||
| 650 | _aMonotheism. | ||
| 650 | _aReligion and state. | ||
| 650 | _aReligion and politics. | ||
| 700 |
_aCorrigan, John _d1952- |
||
| 942 |
_2lcc _cBK |
||
| 999 |
_c58404 _d58404 |
||